000 00819cab a2200253 4500
001 WB2738-63
008 090401t1991 xxu||||| |||| 00| 0 eng d
035 _a(Sirsi) u1951
041 _aeng
245 _aBacklash fear on road pricing
260 _c1991
350 _a0
490 _aFinancial Times
_v27 September 1991, 8
490 _aTimes
_v27 September 1991, 30(2)
520 _aTwo articles on road pricing the first reviewing a NEDO poll of Londoners` views of charging motorists to use London`s roads and the second looking at the planned introduction of charging in Cambridge.
650 _aCAMBRIDGE
650 _aLONDON
650 _aPAY-AS-YOU-DRIVE SCHEMES
650 _aROAD PRICING
650 _aTOLL ROADS
690 _aTRANSPORT AND COMMUNICATIONS
942 _n0
948 _c04/03/1997
999 _c1149
_d1149